History Quiz

Random History or City Quiz
Score 0/20 Timer 06:00
0 Plays Today
% Correct
Boston- Marathon bombing, 2013- Boston Globe
96.6%
Chicago- Capone conviction, 1931- Chicago Tribune
94.9%
Dallas- Kennedy assassination, 1963- Dallas Times Herald
93.7%
New York- Stock Market crash, 1929- Brooklyn Daily Eagle
92%
Los Angeles- Simpson chase, 1994- Los Angeles Times
90.8%
Honolulu- Pearl Harbor attack, 1941- Honolulu Star Bulletin
86.9%
Miami- Heat/Zimmerman trial, 2012- Miami Herald
85.8%
Detroit- Auto bailout, 2012- Detroit Free Press
76.7%
San Francisco- Earthquake and fire, 1906- San Francisco Call and Examiner
76%
Pittsburgh- Clemente death, 1973- Pittsburgh Post Gazette
75%
% Correct
New Orleans- Hurricane Katrina, 2005- New Orleans Times Picayune
73.5%
Anchorage- Iditarod race, 2010- Anchorage Daily News
73.1%
Philadelphia- Vick trade, 2009- Philadelphia Inquirer
67.4%
Washington- Prohibition ends, 1933- Washington Post
66.3%
Buffalo- Blizzard of 1977, Buffalo News
59.3%
Denver- Centennial H.S. shooting, 2013- Denver Post
58.4%
Portland- Mt. St. Helens eruption, 1980- Portland Oregonian
57.3%
Seattle- Boeing Dreamliner launch, 2006- Seattle Times
55.1%
Minneapolis- I-35 bridge collapse, 2007- Minneapolis Star Tribune
47.7%
Houston- Enron trials, 2006- Houston Chronicle
43.2%
Remove Ads.
Support Sporcle.
Get the best of Sporcle when you Go Orange. This ad-free experience offers more features, more stats, and more fun while also helping to support Sporcle. Thank you for becoming a member.

You're not logged in!

Compare scores with friends on all Sporcle quizzes.
OR
Log In

Show Comments

Extras

Top Quizzes Today


Score Distribution

Your Account Isn't Verified!

In order to create a playlist on Sporcle, you need to verify the email address you used during registration. Go to your Sporcle Settings to finish the process.

Report this User

Report this user for behavior that violates our Community Guidelines.

Details: